| 000 | 00000nam##2200000za#4500 |
| 001 | 9.639972 |
| 003 | CaOODSP |
| 005 | 20210624222435 |
| 007 | cr ||||||||||| |
| 008 | 150407|2000||||xxc|||||o f|0| 0 fre|d |
| 040 | |aCaOODSP|bfre |
| 043 | |an-cn--- |
| 086 | 1 |aH39-522/2000F-IN |
| 110 | 1 |aCanada. |bSanté Canada. |
| 245 | 10|aHépatite C : |h[ressource électronique]|bmise à jour de l'information médicale : transmission, diagnostic, prise en charge clinique, traitement / |cune initiative de la Fondation canadienne du foie en collaboration avec Santé Canada. |
| 246 | 1 |aFondation canadienne du foie, Programme national d'éducation sur l'hépatite C |
| 260 | |aToronto et Ottawa - Ontario : |bSanté Canada |c[2000]. |
| 300 | |a12p.|bréférences, tableaux, photographies |
| 500 | |a«Fondation canadienne du foie, Programme national d'éduction sur l'hépatite C»--p.1 de 12. L'ISBN (0-662-84361-4) de l'édition imprimée a été incorrectement copié dans cette édition électronique. |
| 590 | |a12-08-Supp|b2012-03-16 |
| 691 | 07|aHépatite|2gcpds |
| 691 | 07|aSoins de santé|2gcpds |
| 710 | 2 |aFondation canadienne du foie. |
| 775 | 08|tHepatitis C : |w(CaOODSP)9.695853 |
| 776 | 0#|tHépatite C: mise à jour de l'information médicale : |w(CaOODSP)9.681039 |
| 856 | 40|ahttp://publications.gc.ca|qPDF|s651 Ko|uhttps://publications.gc.ca/collections/Collection/H39-522-2000F.pdf |